| 000 | 01204cad a22002535a 4500 | ||
|---|---|---|---|
| 001 | L154677 | ||
| 008 | 120112s2011 xxkqr p 0 a0eng u | ||
| 035 | _a(Sirsi) u154677 | ||
| 041 | 0 | _aeng | |
| 100 | 1 | _aWoolard, Nicole | |
| 245 | 0 | 0 |
_aConstruction Act _blong-awaited changes come into effect this fall _h[electronic resource] |
| 260 |
_aUSA _bDuane Morris LLP _c2011 |
||
| 520 | _aAn article from a US law firm explains the changes to the UK Construction Act (the "Act") which will overhaul certain payment procedures and dispute resolution or "adjudication" provisions, generally enhancing the rights of subcontractors and other payees. | ||
| 590 | _aKA | ||
| 650 | 2 | 4 | _aLOCAL DEMOCRACY, ECONOMIC DEVELOPMENT AND CONSTRUCTION ACT 2009 |
| 650 | 2 | 4 | _aHOUSING GRANTS, CONSTRUCTION AND REGENERATION ACT 1996 |
| 651 | 4 |
_aUnited Kingdom _y |
|
| 690 |
_aConstruction management _96230 |
||
| 690 |
_aContracts _96232 |
||
| 690 | _aProcurement-old | ||
| 710 | 1 | _aDuane Morris LLP | |
| 856 | 4 | 0 |
_uhttps://www.mondaq.com/x/154312/Building+Construction/UK+Construction+Act+LongAwaited+Changes+Come+Into+Effect+This+Fall&email_access=on _zView the article free of charge at www.mondaq.com |
| 942 | _n0 | ||
| 999 |
_c113100 _d113100 |
||